| 000 | 00839nam a2200265 a 4500 | ||
|---|---|---|---|
| 001 | 000015841 | ||
| 005 | 20240521193438.0 | ||
| 008 | 100219s2003 dr 000 0 spa d | ||
| 020 | _a9993495301 | ||
| 040 |
_aDO-SdBNP _bspa _cBNPHU |
||
| 082 |
_a342.7293 _bJ82d |
||
| 100 | 1 |
_aJorge Prats, Eduardo _917747 |
|
| 245 | 1 | 0 |
_aDerecho constitucional / _cEduardo Jorge Prats. |
| 260 |
_aSanto Domingo : _bGaceta Judicial, _c2003. |
||
| 300 |
_av. ; _c27 cm. |
||
| 490 | 1 | _aManuales | |
| 500 | _aIncluye índice analítico | ||
| 500 | _aLa bibblioteca posee el volúmen 1 | ||
| 504 | _aBibliografía: p. 706 | ||
| 590 | _aInventariado, 2018/ YL | ||
| 651 | 4 |
_aRepública Dominicana _xDerecho Constitucional _99303 |
|
| 650 | 0 |
_aDerecho constitucional _910314 |
|
| 830 | 0 |
_aManuales _935652 |
|
| 910 | _aValidado. Control de calidad MFF | ||
| 999 |
_c15385 _d15385 |
||